Tres tesis escp̌ticas sobre la labor de juzgar

Detalles Bibliográficos
Autor principal: Aguinaga Meza, Ernesto Alonso
Formato: eBook
Lenguaje:español
Publicado: Lima: Palestra Editores, 2018
Materias:
Acceso en línea:Acceso restringido

MARC

LEADER 00000nam a22000007a 4500
005 20190905213642.0
007 cr|||| ||||
008 190905s2018 pe |||||s|||| 00||0 spa d
020 |a 978-612-325-039-3 
035 |a 24782 
040 |a vLex 
090 |c 9412  |d 9412 
100 1 |a Aguinaga Meza, Ernesto Alonso 
245 1 0 |a Tres tesis escp̌ticas sobre la labor de juzgar  |h [Recurso electrn̤ico] /  |c Ernesto Alonso Aguinaga Meza 
256 |a Servicio en ln̕ea 
260 |a Lima:  |b Palestra Editores,  |c 2018 
300 |a 1 recurso electrn̤ico 
506 1 |a Disponible solo en los productos indicados  |d vLex Global  |d vLex Global (Academic Edition, excluding Law Schools)  |d vLex Global (U.S. Academic Edition, Law Schools)  |d vLex Global (U.S. Academic Edition, excluding Law Schools)  |d vLex Global (Academic Edition, Law Schools) 
650 0 4 |a Derecho Constitucional  |z Per︢ 
740 0 |a vLex Libros (Servicio en ln̕ea) 
856 4 0 |u http://vlex.com/source/tres-tesis-escepticas-labor-juzgar-24782  |z Acceso restringido 
942 |c BOOK 
999 0 |a Constitutional right